All 25+ Season Goal Scorers : Top 5 Leagues Since 1990 - Statistics

General Stats
  • This quiz has been taken 547 times
    315 since last reset
  • The average score is 51 of 101
Answer Stats
Answer % Correct
Harry Kane
100%
Cristiano Ronaldo
98%
Kylian Mbappé
98%
Lionel Messi
98%
Mohamed Salah
98%
Robert Lewandowski
98%
Ronaldo
98%
Erling Haaland
97%
Luis Suárez
95%
Karim Benzema
94%
Romelu Lukaku
92%
Ciro Immobile
91%
Edinson Cavani
91%
Zlatan Ibrahimović
91%
Sergio Agüero
90%
Pierre-Emerick Aubameyang
89%
Thierry Henry
89%
Robin van Persie
88%
Samuel Eto'o
87%
Victor Osimhen
86%
Wayne Rooney
86%
Didier Drogba
85%
Gonzalo Higuaín
85%
Alexandre Lacazette
83%
Edin Džeko
82%
Francesco Totti
80%
Ruud van Nistelrooy
80%
Radamel Falcao
79%
Diego Forlán
78%
Dries Mertens
76%
Patrik Schick
76%
Andriy Shevchenko
74%
David Villa
73%
Mario Gómez
73%
Mauro Icardi
72%
Serhou Guirassy
72%
Raúl
71%
Alan Shearer
70%
Klaas-Jan Huntelaar
67%
Timo Werner
67%
Diego Costa
65%
Loïs Openda
65%
Wissam Ben Yedder
64%
André Silva
62%
Antonio Di Natale
62%
Mateo Retegui
62%
Miroslav Klose
61%
David Trezeguet
55%
Gabriel Batistuta
55%
Andrea Belotti
53%
Filippo Inzaghi
53%
Luca Toni
53%
Fabio Quagliarella
51%
Roy Makaay
51%
Hernán Crespo
49%
Romário
46%
Anthony Modeste
43%
Christian Vieri
43%
Marco van Basten
42%
Andy Cole
38%
Grafite
38%
Roberto Baggio
36%
Stefan Kießling
36%
Ian Wright
34%
Robbie Fowler
33%
Djibril Cissé
32%
Papiss Cissé
32%
Jean-Pierre Papin
29%
Pauleta
29%
Kevin Phillips
28%
Oliver Bierhoff
23%
Alberto Gilardino
22%
Álvaro Negredo
22%
Dani Güiza
19%
Aílton
18%
Gary Lineker
17%
Moussa Sow
17%
Iván Zamorano
16%
Sonny Anderson
13%
Bebeto
12%
Les Ferdinand
12%
Enrico Chiesa
11%
Giuseppe Signori
10%
Amoroso
9%
Dario Hübner
9%
Ebbe Sand
9%
Ulf Kirsten
9%
Marek Mintál
8%
Predrag Mijatović
8%
Vincenzo Montella
8%
Sergej Barbarez
7%
Sylvain Wiltord
7%
Shabani Nonda
6%
Abel Balbo
5%
Juan Antonio Pizzi
4%
Igor Protti
3%
Michael Preetz
3%
Salva
3%
Fritz Walter
2%
Meho Kodro
2%
Manolo
1%
No matching quizzes found
Score Distribution
Percent of People with Each Score
Percentile by Number Answered
Your Score History
You have not taken this quiz since the last reset